| 000 | 00774 a2200193 4500 | ||
|---|---|---|---|
| 003 | Nust | ||
| 005 | 20220802123601.0 | ||
| 010 | _a 85020107 | ||
| 020 | _a0201108062 : | ||
| 040 | _cNust | ||
| 082 | 0 | 0 | _a620.00151535,BUR |
| 100 | 1 |
_aBurnett, David S. _975736 |
|
| 245 | 1 | 0 |
_aFinite Element Analysis : _bfrom Concepts to Applications / _cDavid S. Burnett. |
| 260 |
_aReading, Mass. : _bAddison-Wesley Pub. Co., _cc1987. |
||
| 300 |
_axix, 844 p. : _bill. ; _c25 cm. |
||
| 505 | _aPart-1: Introduction (Page-1), Part-2: Basic Concepts (Page-53), Part-3: One-Dimensional Problems: Theory, Programming and Applications (Page-207), Part-4: Two Dimensional Problems: Theory, Programming, and Applications (Page-547). | ||
| 650 | 0 | _aFinite element method. | |
| 942 |
_cREF _2ddc |
||
| 999 |
_c175452 _d175452 |
||